| 000 | 00429nam a22001697a 4500 | ||
|---|---|---|---|
| 003 | NUST - PNEC | ||
| 005 | 20170116181153.0 | ||
| 008 | 151207b xxu||||| |||| 00| 0 eng d | ||
| 020 | _a812031123X | ||
| 040 | _cLIBRARY | ||
| 082 | _a629.8 KAN | ||
| 100 |
_915597 _aKant, Krishna |
||
| 245 |
_aComputer-based industrial control _cKrishna Kant |
||
| 260 | _cc.1997 | ||
| 650 |
_915598 _aProcess control _xME |
||
| 942 |
_2ddc _cBK |
||
| 999 |
_c71039 _d71039 |
||